Make to Model - Statistics

General Stats
  • This quiz has been taken 11 times
  • The average score is 12 of 15
Answer Stats
Question Answer % Correct
Focus Ford
100%
Civic Honda
100%
Wrangler Jeep
100%
Model 3 Tesla
100%
Model T Ford
91%
Firebird Pontiac
91%
Fiero Pontiac
91%
Pacifica Chrysler
82%
Odyssey Honda
82%
Countryman Mini
73%
Aventador Lamborghini
64%
Fit Honda
55%
Macan Porsche
55%
Nevera Rimac
45%
Roadster Tesla
27%
No matching quizzes found
Score Distribution
Percent of People with Each Score
Percentile by Number Answered
Your Score History
You have not taken this quiz